000
00299nam a22001337a 4500
008
170613b xxu||||| |||| 00| 0 eng d
020
_a
0394739914
041
_a
eng
080
_a
32
100
_a
19
101
_a
SHP
245
_a
ART& POLITICS IN THE WEIMAR PERIOD
_c
WILLETT,J
942
_2
udc
_c
BK
999
_c
17235
_d
17235